| Поле | Название | Значение |
| |
Тип записи |
a |
| |
Библиографический уровень |
m |
| 001 |
Контрольный номер |
RU\NLR\BIBL_A\011599445 |
| 005 |
Дата корректировки |
20260122113445.2 |
| 010 |
Индекс ISBN |
__ |
| a |
ISBN |
978-5-17-106570-6 (в пер.) |
| d |
Цена |
376-31; 410-30, 2000 экз. |
| 021 |
№ государственной регистрации |
__ |
| b |
№ документа |
2017-98932 |
| 100 |
Данные общей обработки |
__ |
| a |
Данные общей обработки |
19180709d2018||||||| 0rusy0189 ca |
| 101 |
Язык документа |
0_ |
| a |
Язык текста |
rus |
| 102 |
Страна публикации |
__ |
| a |
Страна публикации |
RU| |
| 102 |
Страна публикации |
__ |
| a |
Страна публикации |
RU |
| 105 |
Кодированные данные (монография) |
__ |
| a |
Кодированные данные (монография) |
||||||||000zy |
| 200 |
Заглавие и сведения об ответственности |
1_ |
| a |
Заглавие |
Петровы в гриппе и вокруг него |
| e |
Сведения, относящиеся к заглавию |
роман |
| f |
Первые сведения об ответственности |
Алексей Сальников |
| b |
Общее обозначение материала |
Текст |
| 210 |
Выходные данные |
1_ |
| a |
Место издания |
Москва |
| c |
Издательство |
Редакция Елены Шубиной |
| c |
Издательство |
АСТ |
| d |
Дата издания |
2018 |
| 215 |
Физическое описание |
__ |
| a |
Объем |
411, [1] с. |
| d |
Формат |
21 см |
| 225 |
Серия |
2_ |
| a |
Серия |
Классное чтение |
| 300 |
Общие примечания |
__ |
| a |
Общие примечания |
Содержит нецензурную брань |
| 300 |
Общие примечания |
__ |
| a |
Общие примечания |
Финалист премий "Большая книга" и "НОС" |
| 330 |
Аннотация |
__ |
| a |
Аннотация |
Алексей Сальников родился в 1978 году в Тарту. Публиковался в альманахе «Вавилон», журналах «Воздух», «Урал», «Волга». Автор трех поэтических сборников. Лауреат премии «ЛитератуРРентген» (2005) и финалист «Большой книги». Живет в Екатеринбурге. «Пишет Сальников как, пожалуй, никто другой сегодня – а именно свежо, как первый день творения. На каждом шагу он выбивает у читателя почву из-под ног, расшатывает натренированный многолетним чтением „нормальных“ книг вестибулярный аппарат. Все случайные знаки, встреченные гриппующими Петровыми в их болезненном полубреду, собираются в стройную конструкцию без единой лишней детали. Из всех щелей начинает сочиться такая развеселая хтонь и инфернальная жуть, что Мамлеев с Горчевым дружно пускаются в пляс, а Гоголь с Булгаковым аплодируют...» Галина Юзефович. |
| 333 |
Примечание о целевом назначении |
__ |
| a |
Примечание о целевом назначении |
18+. Запрещено для детей |
| 606 |
Тематические рубрики |
__ |
| a |
Основная рубрика |
Художественная литература |
| 606 |
Тематические рубрики |
__ |
| a |
Основная рубрика |
Современная русская литература (произведения) |
| 610 |
Ключевые слова |
0_ |
| a |
Ключевые слова |
проза |
| 610 |
Ключевые слова |
0_ |
| a |
Ключевые слова |
тема болезни |
| 610 |
Ключевые слова |
0_ |
| a |
Ключевые слова |
тема взаимоотношений |
| 610 |
Ключевые слова |
0_ |
| a |
Ключевые слова |
тема жизни |
| 610 |
Ключевые слова |
0_ |
| a |
Ключевые слова |
тема семьи |
| 610 |
Ключевые слова |
0_ |
| a |
Ключевые слова |
тема ценности |
| 610 |
Ключевые слова |
0_ |
| a |
Ключевые слова |
тема человека |
| 610 |
Ключевые слова |
0_ |
| a |
Ключевые слова |
тема юмора |
| 610 |
Ключевые слова |
0_ |
| a |
Ключевые слова |
современная проза |
| 686 |
Индексы других классификаций |
__ |
| 2 |
Код системы |
rubbks |
| a |
Классификационный индекс |
84(2=411.2)6-4; ст84(2Рос=Рус)6-4 |
| 700 |
Автор |
_1 |
| a |
Фамилия |
Сальников |
| b |
Имя |
А. Б. |
| f |
Даты |
1978- |
| g |
Полное личное имя |
Алексей Борисович |
| 4 |
Код отношения |
070 |
| 801 |
Источник записи |
_0 |
| a |
Страна |
RU |
| b |
Организация |
NLR |
| c |
Дата составления |
20180709 |
| g |
Правила каталогизации |
PSBO |
| 801 |
Источник записи |
_2 |
| a |
Страна |
RU |
| b |
Организация |
Муниципальное бюджетное учреждение культуры "Централизованная библиотечная система" г. Сургут (Центральная городская библиотека им. А. С. Пушкина) |
| c |
Дата составления |
20180709 |
| 852 |
Данные о местонахождении |
__ |
| j |
Шифр хранения |
84(2=411.2)6-4 |
| i |
Авторский знак |
С 16 |
| 901 |
Тип документа |
__ |
| a |
Ответственный |
КиК/Трушникова; КиК/Апакова |
| t |
Тип документа |
m |
| 903 |
Характеристики (МАРС) |
__ |
| a |
Дата передачи |
20181127; 20180709 |
| 990 |
Данные о заказе (DOS) |
__ |
| j |
Количество экземпляров (DOS) |
7; 1 |
| t |
N записи в КСУ для И/У (DOS) |
201811; 201807 |